№ 2; Трение и смазка в машинах и механизмах

Dettagli Bibliografici
Parent link:Трение и смазка в машинах и механизмах: научно-технический и производственный журнал. № 2.— , 2007-.— 1819-2092
Lingua:russo
Pubblicazione: 2013
Natura: MixedMaterials Libro
KOHA link:https://koha.lib.tpu.ru/cgi-bin/koha/opac-detail.pl?biblionumber=502593

MARC

LEADER 00000nam2a2200000 4500
001 502593
005 20231101102407.0
035 |a (RuTPU)RU\TPU\prd\173154 
090 |a 502593 
100 |a 20130328a20059999k y0rusy50 ca 
101 0 |a rus 
102 |a RU 
200 0 |a № 2 
210 |d 2013 
461 1 |0 (RuTPU)RU\TPU\prd\53714  |x 1819-2092  |t Трение и смазка в машинах и механизмах  |o научно-технический и производственный журнал  |v № 2  |d 2007- 
801 0 |a RU  |b 63413507  |c 20010227  |g PSBO 
801 1 |a RU  |b 63413507  |c 20130328 
801 2 |a RU  |b 63413507  |c 20230619  |g RCR 
942 |c BK 
999 |a НТБ_ТПУ  |b НФ  |e -1/20130109  |p П-9432  |s 5/20121010  |u 0,00  |v 1